Movies Set At Sea Quiz Stats

Quiz Updated Jan 7, 2015

Challenge
Share
Tweet
Score 0/20 Timer 08:00
0 Plays Today
% Correct
Titanic
98.7%
Life of Pi
95.5%
Jaws
92.8%
Captain Phillips
80.7%
Waterworld
80.6%
The Hunt for Red October
74.1%
The Perfect Storm
74%
Battleship
61%
Master and Commander: The Far Side of the World
60.9%
The Life Aquatic with Steve Zissou
53.6%
% Correct
The Abyss
43%
Das Boot
42.3%
The Poseidon Adventure
41.9%
Deep Blue Sea
39.9%
The Old Man and the Sea
37%
20,000 Leagues Under the Sea
35.5%
Crimson Tide
31.7%
Pirate Radio
31.3%
Open Water
27.7%
Under Siege
21%

You're not logged in!

Compare scores with friends on all Sporcle quizzes.
Sign Up with Email
OR
Log In

You Might Also Like...

Show Comments

Extras

Top Quizzes Today


Score Distribution

Your Account Isn't Verified!

In order to create a playlist on Sporcle, you need to verify the email address you used during registration. Go to your Sporcle Settings to finish the process.